| 000 | 01168nam a2200265Ia 4500 | ||
|---|---|---|---|
| 008 | 130821s2006 ck gr spa | ||
| 020 | _a958978111X | ||
| 040 |
_aCo-BoUCM _bspa |
||
| 041 | 0 | 0 | _aspa |
| 245 | 1 | 1 |
_a(Des) territorialidades y (No) lugares procesos de configuración y transformación social del espacio _ceditores Diego Herrea Gómez y Carlo Emilio Suárez |
| 246 |
_aTerritorialidades y lugares _bprocesos de configuración y transformación social del espacio |
||
| 260 |
_aMedellín (Antioquia, Colombia) _bLa Carreta Editores Escuela de Gobierno y políticas públicas de Antioquia Instituto de Estudios Regionales _c2006 |
||
| 300 | _a259 páginas | ||
| 490 | _aLa Carreta social | ||
| 504 | _aIncluye referencias bibliográficas. | ||
| 650 | 0 | 4 |
_aAsentamientos urbanos _99620 |
| 650 | 0 | 4 |
_aDesplazamiento forzado _913086 |
| 650 | 0 | 4 |
_aEcología humana _913643 |
| 650 | 0 | 4 |
_aEmigración e inmigración _914050 |
| 650 | 0 | 4 |
_aSociología _9386 |
| 700 | 1 |
_aHerrera Gómez, Diego _eed. _9164583 |
|
| 700 | 1 |
_aPiazzini Suárez, Carlo Emilio _eed. _9164584 |
|
| 942 |
_cLIBRO _a5 _e1 _mD441 _2DEWEY _h304.23 |
||
| 999 |
_c57968 _d57968 |
||